000 01004nam a2200241 a 4500
001 38736
003 BD-RjUL
005 20211209052841.0
008 160712s2006 bg ||||| |||| 00| 0 ben d
035 _a(BD-RjUL)38845
040 _aBD-RjUL
_beng
_cBD-RjUL
041 _aben
082 _a530.11
_223
_bEIA 2006
100 _aআইনস্টাইন, এ.
_9119500
245 _aআপেক্ষিকতা নীতি /
_cএ. আইনস্টাইন, এইচ. মিংকোভস্কি ; অনুবাদ, সুব্রত মজুমদার
260 _aঢাকা :
_bবাংলা একাডেমী,
_c২০০৬
300 _a১২৮ পৃ. ;
_c২৪ সেমি.
650 _aআপেক্ষিকতা (পদার্থবিদ্যা)
_9119499
650 _aRelativity (Physics)
_9116965
700 _aএইচ. মিংকোভস্কি
_9119501
700 _aমজুমদার, সুব্রত
_9119502
942 _2ddc
_cBK
_01
999 _c38736
_d38736